000 00841nam a2200241Ia 4500
003 OSt
005 20220923230646.0
006 a|||||r|||| 00| 0
007 ta
008 220922b |||||||| |||| 00| 0 ben d
024 _a302,060
037 _cTextual
040 _aARTS
_cARTS
_bben
041 _2ben
_aben
082 _aO157,3M61x, 152J9
100 _aचट्टोपाध्याय, शरत्चन्द्र
245 0 _aबंगला की सर्वश्रेष्ठ कहानियॉं
246 _aBangalā kī sarvashreṣhṭha kahāniyaॉan
260 _c1959
650 _aबंगाली साहित्य
_9156264
942 _hO157,3M61x, 152J9
_cTEXL
_2CC
999 _c386335
_d386335